000 00760nam a2200241 a 4500
005 20210219152825.0
008 991125n 000 0 eng u
035 _aUPN01000062465
100 _aBarnes, Laura L. B.
222 _aRESEARCH IN HIGHER EDUCATION
245 _aAcademic discipline and generalizability of student evaluations of instruction
300 _a135-149
362 _a1993 34, No. 2
653 0 _aCRITERIOS DE EVALUACION
653 0 _aDISCIPLINA INTELECTUAL
653 0 _aEVALUACION DE LA FACULTAD
653 0 _aEVALUACION DEL ESTUDIANTE O LA REALIZACION DEL MAESTRO
653 0 _aINVESTIGACION INSTITUCIONAL
653 0 _aMETODOS DE EVALUACION
700 _aBarnes, Michael W.
904 _aAC
_b000276
905 _aArticulo
999 _c61727
_d61727